Đặc điểm phương ngữ Quảng trị trong ca dao, vè

Khái quát vùng đất và phương ngữ Quảng trị. Đặc điểm phương ngữ Quảng Trị trong ca dao, vè. Đối sánh phương ngữ Quảng Trị v à phương ngữ Nghệ-Tĩnh trong ca dao, vè...

Guardat en:
Dades bibliogràfiques
Autor principal: Lê Thị Thanh Nhàn (Tác giả)
Altres autors: Lê Đức Luận TS. (Người hướng dẫn)
Format: Llibre
Idioma:Vietnamese
Publicat: Đà Nẵng ĐH Sư Phạm 2008
Col·lecció:Sư phạm Ngữ văn
Matèries:
Etiquetes: Afegir etiqueta
Sense etiquetes, Sigues el primer a etiquetar aquest registre!
Thư viện lưu trữ: Mạng thư viện Đại học Đà Nẵng
LEADER 01497nam a2200397 4500
001 000010952
003 7179
005 20111226091237.0
008 111226s2008 viesd
041 |a vie 
082 |a 398.8  |b LE-N 
100 |a Lê Thị Thanh Nhàn  |e Tác giả 
245 |a Đặc điểm phương ngữ Quảng trị trong ca dao, vè  |c Lê Thị Thanh Nhàn 
260 |a Đà Nẵng  |b ĐH Sư Phạm  |c 2008 
300 |a 71 tr  |c 29 cm 
490 |a Sư phạm Ngữ văn 
500 |a Khóa luận tốt nghiệp 
520 |a Khái quát vùng đất và phương ngữ Quảng trị. Đặc điểm phương ngữ Quảng Trị trong ca dao, vè. Đối sánh phương ngữ Quảng Trị v à phương ngữ Nghệ-Tĩnh trong ca dao, vè... 
653 |a Khóa luận 
653 |a Tốt nghiệp 
653 |a Khoa Ngữ văn 
653 |a Phương ngữ 
653 |a Quảng Trị 
653 |a Ca dao 
653 |a Vè 
700 |a Lê Đức Luận  |c TS.  |e Người hướng dẫn 
OWN |a LSP 
AVA |a UDN50  |b LSP  |d 398.8 LE-N  |e available  |t Error 5001 Not defined in file expand_doc_bib_avail.  |f 1  |g 0  |h N  |i 0  |k 1 
999 |a From the UDN01 
AVA |a UDN50  |b LSP  |d 398.8 LE-N  |e available  |t Error 5001 Not defined in file expand_doc_bib_avail.  |f 1  |g 0  |h N  |i 0  |k 1 
TYP |a Monograph 
TYP |a Printed language 
980 |a Mạng thư viện Đại học Đà Nẵng